| 000 | 00994nam a2200241 i 4500 | ||
|---|---|---|---|
| 001 | 15743 | ||
| 003 | ES-MaACL | ||
| 005 | 20230906151138.0 | ||
| 007 | t| | ||
| 008 | 000505s1986 sp ||||1| spa d | ||
| 020 | _a84-7496-134-3 | ||
| 080 | _a811.111(063) | ||
| 080 | _a821.111.09(063) | ||
| 080 | _a821.111(73).09(063) | ||
| 110 | 2 |
_aAsociación Española de Estudios Anglo-Norteamericanos. _bCongreso ( _n8º. _d1984. _cMálaga) _91661 |
|
| 245 | 1 | 4 |
_aLos últimos veinte años en los estudios anglo-norteamericanos _b: Actas del VIII Congreso de AEDEAN : Universidad de Málaga, 1984. |
| 260 |
_aMálaga : _bDepartamento de Filología Inglesa de la Universidad de Málaga, _cD.L. 1986. |
||
| 300 |
_a192 p. ; _c22 cm. |
||
| 650 | 1 | 4 |
_aFilología inglesa- _vCongresos y asambleas. _912799 |
| 650 | 4 |
_aLiteratura norteamericana- _vCongresos y asambleas. _914642 |
|
| 710 | 2 |
_aUniversidad de Málaga. _bDepartamento de Filología Inglesa. _97220 |
|
| 852 |
_aES-MaACL _jL-23037 _bR.123754 |
||
| 999 |
_c15743 _d15743 |
||